| 000 | 00820nam a2200217Ia 4500 | ||
|---|---|---|---|
| 001 | 20259 | ||
| 003 | GE_BSU | ||
| 008 | 181216s||||||||xx |||||||||||||| ||und|| | ||
| 040 | _cGE_BSU | ||
| 245 | _aსამართალი და მსოფლიო. #5. 12/2016 | ||
| 245 | _bსაერთაშორისო სამეცნიერო ჟურნალი | ||
| 245 | _cმთავ.რედ. ზ. ჭყონია | ||
| 260 | _aთბილისი | ||
| 260 | _bგა,-ბა "დანი | ||
| 260 | _c2016 | ||
| 300 | _a127გვ. 30სმ. | ||
| 653 | _aპერიოდიკა | ||
| 653 | _aსაერთაშორისო სამეცნიერო ჟურნალი | ||
| 653 | _aსამართალი და მსოფლიო. #5. 12/2016 | ||
| 942 | _cCR | ||
| 999 |
_c53218 _d53218 |
||